00488nam a2200157Ia 4500003000900000008004100009040001600050080001600066100002300082245009500105260003300200300001500233650004100248650002100289650002000310IN-BaIIA211028s9999 xx 000 0 eng d cIIA Library a521.13bOGO aOgorodnikov, K. F. 0aDynamics of stellar systemscK. F. Ogorodnikov  aOxfordbPergamon Pressc1965 axii, 359p. aAstronomy and astrophysics thesaurus aStellar dynamics aStellar motions